| 000 | 01937cam a22003854a 4500 | ||
|---|---|---|---|
| 001 | 14853331 | ||
| 005 | 20080520142753.0 | ||
| 007 | co ugu|||uuu|| | ||
| 008 | 070514s2008 maua |rb 000 0 eng | ||
| 010 | _a 2007020363 | ||
| 020 | _a9780763740962 (pbk. : alk. paper) | ||
| 020 | _a0763740969 (pbk. : alk. paper) | ||
| 035 | _a(OCoLC)ocn134990389 | ||
| 035 | _a(OCoLC)134990389 | ||
| 040 |
_aDNLM/DLC _cDLC _dBAKER _dBTCTA _dC#P _dJED _dYDXCP _dDLC |
||
| 042 | _apcc | ||
| 050 | 0 | 0 |
_aRT55 _b.N732 2008 |
| 060 | 1 | 0 |
_aWY 18.2 _bN33655 2008 |
| 082 | 0 | 0 |
_a610.73076 _222 _bNCL |
| 245 | 0 | 0 |
_aNCLEX-RN Review : _b1,000 Questions to Help You Pass / _c[edited by] Patricia McLean Hoyson, Kimberly A. Serroka. |
| 260 |
_aSudbury, Mass. : _bJones and Bartlett Publishers, 2008 _cc2008. |
||
| 300 |
_aviii, 445 p. : _bill. ; _c28 cm. |
||
| 504 | _aIncludes bibliographical references (p. 437-445). | ||
| 505 | 0 | _aIntroduction -- Specific aspects of care -- Managing client care -- Adult nursing -- The client having surgery -- Nursing care of specific groups. | |
| 650 | 0 |
_aNursing _vExaminations, questions, etc. _912268 |
|
| 650 | 0 |
_aNational Council Licensure Examination for Registered Nurses. _912269 |
|
| 650 | 2 |
_aNursing _vExamination Questions. _912270 |
|
| 700 | 1 |
_aHoyson, Patricia McLean. _912271 |
|
| 700 | 1 |
_aSerroka, Kimberly A. _912272 |
|
| 856 | 4 | 1 |
_3Table of contents only _uhttp://www.loc.gov/catdir/toc/ecip0718/2007020363.html |
| 942 |
_2ddc _cNRB |
||
| 999 |
_c13586 _d13586 |
||